Statistiken für Errate den Fußballer 2

Klicken Sie hier um das Quiz zu spielen!

Allgemein

  • Dieses Quiz wurde 141 mal gespielt
  • Das Durchschnittsergebnis liegt bei 4 aus 7

Antwortstatistiken

HintAntwort% Korrekt
IV , Niederlande , FC Bayernde Ligt
91%
ST , Nigeria , NapoliOsimhen
75%
LV, Frankreich , Real MadridMendy
74%
MS , Belgien , GalatasarayMertens
62%
ZOM/RF, Portugal, Man CityBernardo Silva
60%
MS/RF , Deutschland , Nashville FCMukhtar
42%
LM , Ukraine , ChelseaMydryk
3%

Verteilung der Resultate

Perzentil nach korrekt beantworteten Fragen

Anzahl Personen mit jedem Resultat

Ihre Resultats-Entwicklung

Sie haben dieses Quiz noch nicht gespielt